[Event "58th ch-BUL w"]
[Site "Dupnitsa BUL"]
[Date "2009.02.16"]
[Round "4"]
[White "Gradevska,D"]
[Black "Krumova,A"]
[Result "1/2-1/2"]
[WhiteElo "1721"]
[BlackElo "1812"]

1.d4 Nf6 2.c4 g6 3.Nc3 Bg7 4.e4 d6 5.Nf3 O-O 6.Be2 Na6 7.O-O e5 8.Be3 exd4
9.Nxd4 Nc5 10.f3 c6 11.Qd2 Re8 12.b4 Ncd7 13.Rab1 Ne5 14.b5 c5 15.Nb3 Be6
16.Rfd1 Nxc4 17.Bxc4 Bxc4 18.Qxd6 Qxd6 19.Rxd6 b6 20.Nd2 Be6 21.e5 Nd7 22.f4 Nxe5
23.fxe5 Bxe5 24.Nde4 Bf5 25.Kf2 Bxc3 26.Nxc3 Bxb1 27.Nxb1 Rad8 28.Rc6 Rd3
29.Bh6 Rd4 30.h3 Rh4 31.Bg5 Rb4 32.Nc3 Rd4 33.Rc7 Kg7 34.Rxa7 h6 35.Be7 g5
36.Ke3 f5 37.Kf2 Kg6 38.Rc7 Rd2+ 39.Kg1 f4 40.a4 Rc2 41.Nd5 c4 42.Nxb6 c3
43.Nd5 Rc1+ 44.Kf2 c2 45.Ba3 Ra1 46.Bb2 Rxa4 47.Rxc2 Rb8 48.b6 Ra2 49.Kf3 Kf7
50.Re2 Rb7 51.Kg4 Ra5 52.Re5 Ra2 53.Re2 Ra5 54.Rd2 Ke6 55.Nc7+ Ke7 56.Bg7 Rxb6
57.Nd5+ Rxd5 58.Rxd5 Kf7 59.Bd4 Rc6 60.Rd7+ Ke6 61.Rh7 Kd5 62.Bg7 Rc7 63.Kh5 Rc2
64.Bxh6 Rxg2 65.Bxg5 f3 66.Rf7 Ke4 67.h4 Rg3 68.Kg6 Kd3 69.h5 Ke2 70.Re7+ Kd1
71.Rd7+ Ke2 72.Rd2+ Ke1 73.Rb2 f2  1/2-1/2

[Event "It B"]
[Site "Nancy FRA"]
[Date "2009.02.16"]
[Round "1"]
[White "Sondermann,J"]
[Black "Gladyszev,O"]
[Result "0-1"]
[WhiteElo "2152"]
[BlackElo "2423"]

1.d4 Nf6 2.c4 g6 3.Nc3 Bg7 4.e4 d6 5.Nf3 O-O 6.Be2 e5 7.dxe5 dxe5 8.Qxd8 Rxd8
9.Bg5 Na6 10.Nd5 Rd6 11.Bxf6 Bxf6 12.O-O-O Bg4 13.b4 c6 14.Nxf6+ Rxf6 15.a3 Nc7
16.Rhf1 a5 17.bxa5 Rxa5 18.Rd8+ Kg7 19.Kb2 Ne6 20.Rb8 Nf4 21.Bd1  0-1

[Event "It B"]
[Site "Nancy FRA"]
[Date "2009.02.16"]
[Round "1"]
[White "Sondermann,J"]
[Black "Gladyszev,O"]
[Result "0-1"]
[WhiteElo "2152"]
[BlackElo "2423"]

1.d4 Nf6 2.c4 g6 3.Nc3 Bg7 4.e4 d6 5.Nf3 O-O 6.Be2 e5 7.dxe5 dxe5 8.Qxd8 Rxd8
9.Bg5 Na6 10.Nd5 Rd6 11.Bxf6 Bxf6 12.O-O-O Bg4 13.b4 c6 14.Nxf6+ Rxf6 15.a3 Nc7
16.Rhf1 a5 17.bxa5 Rxa5 18.Rd8+ Kg7 19.Kb2 Ne6 20.Rb8 Nf4 21.Bd1 Nxg2 22.Rg1 Bxf3
23.Bxf3 Nh4 24.Bg4 Rxf2+ 25.Kb3 Nf3 26.Rd1 c5 27.Bxf3 Rxf3+ 28.Kb2 Rfxa3
29.Rd7 Ra2+ 30.Kb1 Ra1+ 31.Kb2 R5a2+ 32.Kb3 Rxh2  0-1

[Event "2nd Pfalz Open"]
[Site "Neustadt an der Weinstrasse GER"]
[Date "2009.02.16"]
[Round "2"]
[White "Graf,A"]
[Black "Tuncer,U"]
[Result "1-0"]
[WhiteElo "2643"]
[BlackElo "2317"]

1.d4 Nf6 2.c4 g6 3.Nc3 Bg7 4.e4 d6 5.Nf3 O-O 6.Be2 e5 7.d5 a5 8.O-O Na6 9.Bg5 h6
10.Bh4 Bd7 11.Nd2 Qe8 12.Kh1 Nh7 13.Rc1 h5 14.f3 Bh6 15.b3 Be3 16.a3 f6 17.Bf2 Bxf2
18.Rxf2 Qe7 19.Bf1 Ng5 20.Qe1 Kg7 21.Ndb1 c5 22.Nb5 b6 23.N1c3 Nf7 24.Ra2 Rfb8
25.Nd1 Nh6 26.Bd3 Rf8 27.Ne3 f5 28.exf5 Bxf5 29.Bf1 Bd7 30.Nc3 Nf5 31.Nxf5+ gxf5
32.f4 e4 33.Nd1 Qf6 34.Ne3 Rh8 35.Kg1 Kf7 36.Qc3 Qd4 37.Rd2 Qxc3 38.Rxc3 h4
39.Kf2 Kf6 40.Rb2 Rab8 41.Ke1 Rhg8 42.Nd1 b5 43.Rh3 Rh8 44.Kd2 b4 45.Ra2 Ra8
46.Ne3 a4 47.bxa4 Bxa4 48.axb4 Nxb4 49.Ra3 Bd7 50.Rxa8 Rxa8 51.Rxh4 Ra2+
52.Kc1 Ra1+ 53.Kb2 Re1 54.Rh6+ Ke7 55.Rh7+ Kf6 56.Rh6+ Ke7 57.Rh3 Kf6 58.Kc3 Be8
59.Kd2 Ra1 60.Rh6+ Bg6 61.g4 Kg7 62.Rh4 Ra2+ 63.Kc1 Ra3 64.Kd2 Ra2+ 65.Ke1 fxg4
66.Rxg4 Kf6 67.f5 Bf7 68.Rxe4 Rxh2 69.Be2 Rh1+ 70.Kf2 Rh2+ 71.Kf1 Rh8 72.Rf4 Ke5
73.Rg4 Bh5 74.Rg7 Bxe2+ 75.Kxe2 Rh2+ 76.Kf3 Rh3+ 77.Ke2 Rh2+ 78.Kf1 Rh3 79.Re7+ Kf6
80.Re6+ Kf7 81.Ke2 Na2 82.Rxd6 Nc3+ 83.Kd3 Nd1 84.Re6 Nb2+ 85.Kc2 Rh2+ 86.Kb3 Nd3
87.Ng4 Rh3 88.Kc2 Nf4 89.Ne5+ Kg7 90.f6+ Kf8 91.Re7 Rh2+ 92.Kd1 Rh1+ 93.Kd2  1-0

[Event "US Amateur Team-ch East"]
[Site "Parsipanny USA"]
[Date "2009.02.16"]
[Round "6"]
[White "Radomskyj,P"]
[Black "Santana,J"]
[Result "0-1"]
[WhiteElo "2199"]
[BlackElo "2171"]

1.d4 Nf6 2.c4 g6 3.Nc3 Bg7 4.e4 d6 5.Nf3 O-O 6.Be2 e5 7.Be3 exd4 8.Nxd4 Re8
9.f3 Nc6 10.Qd2 Nh5 11.Nd5 f5 12.Nb5 fxe4 13.O-O-O exf3 14.gxf3 Bf5 15.Nbxc7 Nb4
16.Qxb4 Rxe3 17.Nxe3 Bh6 18.Nd5 Nf4 19.Nxf5 Nd3+ 20.Kb1 Nxb4 21.Nxh6+ Kg7
22.Nxb4 Kxh6 23.Nd5 Qh4 24.Bd3 Re8 25.f4 a5 26.b3 a4 27.bxa4 Kg7 28.Rhg1 Kf7
29.Rdf1 Qh3 30.Bc2 Re2 31.Re1 Qxh2 32.Rxe2 Qxe2 33.Bb3 Kf8 34.Kc1 b6 35.Rd1 h5
36.Rg1 Qe4 37.Rg5 h4 38.Bc2 Qxc4 39.Kb2 h3 40.Bxg6 h2 41.Rh5 Qe2+  0-1

[Event "2nd Pfalz Open"]
[Site "Neustadt an der Weinstrasse GER"]
[Date "2009.02.17"]
[Round "4"]
[White "Jankovic,A"]
[Black "Casper,T"]
[Result "1-0"]
[WhiteElo "2571"]
[BlackElo "2415"]

1.d4 Nf6 2.c4 d6 3.Nf3 Nbd7 4.Nc3 e5 5.e4 g6 6.Be2 Bg7 7.O-O O-O 8.Qc2 c6
9.Rd1 Qe7 10.Rb1 exd4 11.Nxd4 Nc5 12.f3 a5 13.Bg5 Re8 14.Bf1 Qc7 15.Qd2 Nfd7
16.Nc2 a4 17.Kh1 Be5 18.b4 axb3 19.axb3 Nf8 20.Ne3 Qb6 21.Ncd5 cxd5 22.Nxd5 Qc6
23.b4 Nce6 24.Ne7+ Rxe7 25.Bxe7 Nd4 26.f4 Bg7 27.Qe3 Nfe6 28.Bd3 Bh6 29.Rf1 Ra2
30.Bf6 Bg7 31.Bxg7 Kxg7 32.Rf2 Rxf2 33.Qxf2 f5 34.Re1 fxe4 35.Rxe4 Qa4 36.Bf1 Qa1
37.Kg1 Bd7 38.Qd2 Nf5 39.c5 Bb5 40.Re1 Qd4+ 41.Qxd4+ Nexd4 42.Bxb5 Nxb5 43.g4 Nfd4
44.Re7+ Kf6 45.Rxb7 dxc5 46.bxc5 h5 47.Rb6+ Kf7 48.g5 Nc7 49.Rf6+ Ke7 50.Kf2 Nce6
51.Rxg6 Nxc5 52.Rh6 Nce6 53.Rh7+ Kf8 54.Ke3 Nf5+ 55.Ke4 Neg7 56.Rh8+ Kf7
57.Ke5 Nh4 58.Ke4 Nhf5 59.Ra8 Ke6 60.Ra6+ Nd6+ 61.Kd4 Nf5+ 62.Kc5 Ke7 63.Kd5 Ne3+
64.Kd4 Ng4 65.h3 Nf2 66.g6 Ne8 67.f5 Nxh3 68.Ke5 Nf2 69.f6+ Nxf6 70.Re6+ Kd7
71.Rxf6  1-0

[Event "2nd Pfalz Open"]
[Site "Neustadt an der Weinstrasse GER"]
[Date "2009.02.19"]
[Round "6"]
[White "Beinoras,M"]
[Black "Teterev,V"]
[Result "1/2-1/2"]
[WhiteElo "2426"]
[BlackElo "2530"]

1.d4 Nf6 2.c4 g6 3.Nf3 Bg7 4.Nc3 O-O 5.e4 d6 6.Be2 e5 7.O-O Na6 8.Be3 Ng4
9.Bg5 Qe8 10.h3 f6 11.Bc1 Nh6 12.Re1 Nf7 13.Rb1 c5 14.dxe5 dxe5 15.Nd5 Bd7
16.Bd3 Rc8 17.b3 Nc7 18.Bb2 Nd8 19.Qd2 Nc6 20.Rbd1 Ne6 21.Bf1 Rf7 22.g3 Qf8
23.Bg2 Re8 24.Re2 Ned4 25.Nxd4 Nxd4 26.Bxd4 cxd4 27.f4 Rc8 28.Qd3 Qc5 29.Rc2 f5
30.Kh2 Qd6 31.Rf1 Kh8 32.exf5 Rxf5 33.Re2 Rcf8 34.fxe5 Bxe5 35.Rfe1 Bg7 36.Nf4 Be5
37.Nd5 Bg7 38.Nf4 b6 39.Ne6 Bxe6 40.Rxe6 Qb4 41.Re8 Qc3 42.Rxf8+ Rxf8 43.Qe4 d3
44.Re3 Rd8 45.Qe7 Qd4 46.Re4 Qf6 47.Qxf6 Bxf6 48.Bf3 d2 49.Bd1 Bc3 50.Re3 Bb4
51.Kg2 Bc5 52.Rf3 Kg7 53.Kf1 Re8 54.Be2 Be3 55.Bd1 Bc5 56.Be2 h5 57.Rd3 Rf8+
58.Rf3 Rd8 59.Bd1 Re8 60.Be2 a5 61.Rd3 Rf8+ 62.Rf3 Rd8 63.Bd1 Re8 64.Be2 Kh6
65.h4 Kg7 66.Rd3 Rf8+ 67.Rf3 Rxf3+ 68.Bxf3 Bd6 69.g4 g5 70.hxg5 h4 71.Ke2 Bf4
72.a3 Kg6 73.b4 axb4 74.axb4 Kxg5  1/2-1/2

[Event "2nd Pfalz Open"]
[Site "Neustadt an der Weinstrasse GER"]
[Date "2009.02.20"]
[Round "7"]
[White "Sachdev,T"]
[Black "Jankovic,A"]
[Result "1/2-1/2"]
[WhiteElo "2435"]
[BlackElo "2571"]

1.d4 Nf6 2.c4 g6 3.Nc3 Bg7 4.e4 d6 5.Be2 O-O 6.Nf3 e5 7.Be3 c6 8.d5 Ng4 9.Bg5 f6
10.Bh4 c5 11.Nd2 Nh6 12.f3 Nf7 13.a3 Bh6 14.Rb1 Nd7 15.Qc2 Kh8 16.b4 b6 17.Bf2 Rg8
18.g4 Bf4 19.h3 h5 20.Bd3 Rg7 21.Ke2 Rh7 22.Rbg1 Nf8 23.Nf1 hxg4 24.hxg4 Kg7
25.Ne3 Rxh1 26.Rxh1 Nh7 27.Ng2 Nhg5 28.Be3 Bg3 29.Bf2 Bf4 30.Be3 Bg3 31.Bf2 Bxf2
32.Kxf2 Bd7 33.Ne3 cxb4 34.axb4 a5 35.b5 Qc7 36.Na4 Rb8 37.Kg3 Nd8 38.Qf2 Nb7
39.Nxb6 Bxb5 40.cxb5 Nc5 41.Nbc4 Nxd3 42.Qh2 Qc5 43.Qd2 Nf4 44.Qxa5 Rxb5
45.Qd8 Rb2 46.Qh8+ Kf7 47.Rh7+ Nxh7 48.Qxh7+ Kf8 49.Qh8+ Kf7 50.Qh7+ Kf8
51.Qh8+ Kf7  1/2-1/2

[Event "Masters"]
[Site "Bunratty IRL"]
[Date "2009.02.21"]
[Round "4"]
[White "Galligan,B"]
[Black "Heinrich,J"]
[Result "1/2-1/2"]
[WhiteElo "2041"]
[BlackElo "2133"]

1.d4 Nf6 2.c4 g6 3.Nf3 Bg7 4.Nc3 d6 5.e4 O-O 6.Be2 Nbd7 7.O-O e5 8.d5 Nc5
9.Qc2 a5 10.h3 Nfd7  1/2-1/2

[Event "It B"]
[Site "Nancy FRA"]
[Date "2009.02.21"]
[Round "8"]
[White "Pucher,O"]
[Black "Spielmann,Al"]
[Result "1-0"]
[WhiteElo "2338"]
[BlackElo "2324"]

1.c4 Nf6 2.Nc3 g6 3.e4 d6 4.d4 Bg7 5.Be2 O-O 6.Nf3 e5 7.O-O exd4 8.Nxd4 Re8
9.f3 Nh5 10.f4 c5 11.Nf3 Nc6 12.f5 Nf6 13.Bd3 Bd7 14.Kh1 Nd4 15.Nxd4 cxd4
16.Nd5 Nxd5 17.exd5 Qh4 18.g3 Qh3 19.Rf4 g5 20.Rf2 Be5 21.Bxg5 Bxg3 22.Bf1  1-0

[Event "TCh-HUN 2008-9"]
[Site "Budapest HUN"]
[Date "2009.02.22"]
[Round "8"]
[White "Gyimesi,Z"]
[Black "Ilincic,Z"]
[Result "1-0"]
[WhiteElo "2592"]
[BlackElo "2542"]

1.d4 Nf6 2.c4 g6 3.Nc3 Bg7 4.e4 d6 5.Nf3 O-O 6.Be2 e5 7.O-O Nh5 8.g3 Bh3
9.Re1 exd4 10.Nxd4 Nf6 11.Bg5 h6 12.Be3 Nbd7 13.Qd2 h5 14.f3 Ne5 15.Nd1 c6
16.Nf2 Bd7 17.Rad1 a6 18.Nc2 Be6 19.b3 d5 20.Bf4 Ned7 21.exd5 cxd5 22.Nd4 Re8
23.Nxe6 fxe6 24.Bd3 Nf8 25.Qc2 Kh7 26.Nh3 Bh6 27.Re5 Re7 28.Kg2 Rc8 29.Qc1 Bxf4
30.Nxf4 Rd7 31.c5 Qc7 32.Nxg6 Nxg6 33.Qg5 Ne4 34.Bxe4 dxe4 35.Qxh5+ Kg7 36.Rg5 exf3+
37.Kf2 Kf8 38.Qxg6 Rf7 39.Rd6 Qa5 40.Qh6+  1-0

[Event "2nd Pfalz Open"]
[Site "Neustadt an der Weinstrasse GER"]
[Date "2009.02.22"]
[Round "9"]
[White "Bogner,S"]
[Black "Mamedov,Nid"]
[Result "1/2-1/2"]
[WhiteElo "2467"]
[BlackElo "2607"]

1.d4 Nf6 2.c4 g6 3.Nc3 Bg7 4.e4 O-O 5.Nf3 d6 6.Be2 e5 7.dxe5 dxe5 8.Qxd8 Rxd8
9.Bg5 Re8 10.Nd5 Nxd5 11.cxd5 c6 12.Bc4 cxd5  1/2-1/2

[Event "ch-EST"]
[Site "Rakvere EST"]
[Date "2009.02.23"]
[Round "5"]
[White "Vovk,I"]
[Black "Sepp,O"]
[Result "0-1"]
[WhiteElo "2283"]
[BlackElo "2457"]

1.d4 Nf6 2.c4 g6 3.Nc3 Bg7 4.e4 d6 5.Nf3 O-O 6.Be2 e5 7.O-O Na6 8.Re1 c6
9.Be3 Ng4 10.Bg5 Bf6 11.Bxf6 Qxf6 12.Qd2 Kg7 13.Rad1 Re8 14.a3 Qe7 15.h3 Nf6
16.c5 dxc5 17.dxe5 Nd7 18.Bxa6 bxa6 19.Qd6 Rb8 20.Re2 Rb6 21.Na4 Rb3 22.Qxe7 Rxe7
23.e6 Nb6 24.Nxc5 Rb5 25.b4 Nc4 26.Rd4 Nxa3 27.Rd7 Kf8 28.Ne5 fxe6 29.Rxe7 Kxe7
30.Nxc6+ Kd6 31.Nxa7 Rxb4 32.Nd3 Rb1+ 33.Kh2 Bb7 34.e5+ Kc7 35.Ra2 Nc4 36.Nf4 Kb6
37.Rc2 Rb4 38.Nd3 Ra4 39.h4 a5 40.f4 Kxa7 41.Nc5 Rb4 42.Nxe6 a4 43.Nc5 a3
44.e6 Bd5 45.e7 Rb8 46.Nd7 Ra8 47.Nf6 Bf7 48.Nxh7 Kb6 49.Ra2 Nd6 50.Ra1 a2
51.Ng5 Bd5 52.h5 gxh5 53.f5 Nxf5 54.Ne4 Nxe7 55.Nc3 Kc5 56.Kh3 Bc6  0-1

[Event "81st ch-StP"]
[Site "St Petersburg RUS"]
[Date "2009.02.23"]
[Round "7"]
[White "Levin,Ev"]
[Black "Mikkelsen,N"]
[Result "1/2-1/2"]
[WhiteElo "2484"]
[BlackElo "2426"]

1.c4 Nf6 2.Nc3 g6 3.e4 d6 4.d4 Bg7 5.Nf3 O-O 6.Be2 e5 7.Be3 Ng4 8.Bg5 f6
9.Bh4 g5 10.Bg3 Nh6 11.d5 Nd7 12.Nd2 f5 13.exf5 Nc5 14.Nde4 Nxe4 15.Nxe4 Bxf5
16.Bd3 Qe8 17.O-O Qg6 18.Qc2 c5 19.a3 Rac8 20.Rfe1 g4 21.b4 Bxe4 22.Bxe4 Nf5
23.Rab1 b6 24.Qa4 cxb4 25.axb4 Rxc4 26.Bxf5 Qxf5 27.Qxa7 Rfc8 28.Qa3 Rc3
29.Qa2 Qg5 30.h4 gxh3 31.gxh3 Qf5 32.h4 Bh6 33.Rb3 Qd3 34.Rxc3 Qxc3 35.Re4 Qf3
36.Rc4 Rf8 37.Rc7 e4 38.Qc2 Rf5 39.Rc8+ Bf8 40.Rc3 Qg4 41.Qd2 Rf3 42.Kh2 Bh6
43.Qxh6 Rxc3 44.Qxd6 e3 45.Qd8+ Kf7 46.d6 Qe6 47.Qh8 exf2 48.Qxh7+ Ke8 49.Qh8+ Kf7
50.Qh7+ Ke8 51.Qh8+ Kf7 52.Qh7+ Ke8  1/2-1/2

[Event "81st ch-StP"]
[Site "St Petersburg RUS"]
[Date "2009.02.28"]
[Round "12"]
[White "Shchukin,D"]
[Black "Solovjov,S"]
[Result "0-1"]
[WhiteElo "2385"]
[BlackElo "2410"]

1.c4 Nf6 2.Nf3 g6 3.Nc3 Bg7 4.d4 O-O 5.e4 d6 6.Be2 e5 7.d5 a5 8.Bg5 h6 9.Bh4 Na6
10.Nd2 Qe8 11.a3 Bd7 12.b3 Nh7 13.Rb1 f5 14.f3 Nf6 15.g4 fxg4 16.fxg4 Nc5
17.h3 Nh7 18.Qc2 Bf6 19.Bxf6 Rxf6 20.b4 axb4 21.axb4 Na4 22.Nxa4 Rxa4 23.Rf1 Qd8
24.Nf3 Rf4 25.b5 Ra3 26.Rb3 Qa8 27.Nd2 Ra1+ 28.Bd1 Rxf1+ 29.Kxf1 Ng5 30.Kg2 Qa2
31.Kg3 Qa7 32.c5 Qxc5 33.Qxc5 dxc5 34.Bf3 Rc1 35.b6 c4 36.Rb4 c3 37.Nb3 Rb1
38.bxc7 c2 39.Rc4 Rxb3 40.c8=Q+ Bxc8 41.Rxc8+ Kf7  0-1

[Event "TCh-AUT 2nd Bundesliga Ost 2008-9"]
[Site "Austria AUT"]
[Date "2009.03.01"]
[Round "9"]
[White "Kwatschewsky,L"]
[Black "Hagara,E"]
[Result "0-1"]
[WhiteElo "2238"]
[BlackElo "2379"]

1.d4 d6 2.c4 e5 3.Nf3 Nd7 4.Nc3 Ngf6 5.e4 g6 6.Be2 Bg7 7.O-O O-O 8.d5 Nc5
9.Qc2 a5 10.Bg5 Bd7 11.Nd2 Qe8 12.Nb3 Ba4 13.Nxa4 Qxa4 14.Bd3 Nfd7 15.Nxc5 Nxc5
16.Qxa4 Nxa4 17.Rab1 h5 18.Bc2 Nc5 19.Be3 Kh7 20.f3 Bh6 21.Bf2 b6 22.b3 Bd2
23.Rbd1 Bb4 24.a4 Nd7 25.Be3 Bc5 26.Kf2 Kg7 27.Ke2 Bxe3 28.Kxe3 f5 29.g3 f4+
30.Ke2 Rf6 31.Rh1 Raf8 32.Rdf1 Nc5 33.Rhg1 Kh6 34.g4 hxg4 35.Rxg4 Kg7 36.Rh4 Rg8
37.Rg1 Rff8 38.Kf2 Rh8 39.Rgg4 Nd7 40.Kg1 Nf6 41.Rxh8 Rxh8 42.Rg2 Rh3 43.Bd1 Kh6
44.Kf2 g5 45.Be2 g4 46.Bd1 Kg5 47.Kg1 Kh4 48.Kf2 Kg5 49.Kg1 Kh5 50.Kf2 Kh4
51.Kg1 gxf3 52.Rg7 Nxe4 53.Rh7+ Kg4 54.Rxc7 Nc3 55.Rg7+ Kf5  0-1

[Event "TCh Paulista Interclub"]
[Site "Sao Paolo BRA"]
[Date "2009.03.01"]
[Round "3"]
[White "El Debs,F"]
[Black "Cunico,G"]
[Result "1-0"]
[WhiteElo "2465"]
[BlackElo "1985"]

1.Nf3 Nf6 2.c4 g6 3.Nc3 Bg7 4.e4 d6 5.d4 O-O 6.Be2 e5 7.Be3 exd4 8.Nxd4 Re8
9.f3 c6 10.Bf2 d5 11.exd5 cxd5 12.O-O dxc4 13.Bxc4 a6 14.Qb3 Rf8 15.Rad1 Nbd7
16.Rfe1 b5 17.Bxf7+ Rxf7 18.Ne6  1-0

[Event "25th Open"]
[Site "Cappelle la Grande FRA"]
[Date "2009.03.02"]
[Round "4"]
[White "Simutowe,A"]
[Black "Mamedov,Nid"]
[Result "1/2-1/2"]
[WhiteElo "2485"]
[BlackElo "2607"]

1.d4 Nf6 2.Nf3 g6 3.c4 Bg7 4.Nc3 O-O 5.e4 d6 6.Be2 e5 7.dxe5 dxe5 8.Qxd8 Rxd8
9.Bg5 Nbd7 10.O-O-O Rf8 11.Nd5 c6 12.Nxf6+ Nxf6 13.Nd2 Re8 14.f3 Nd7 15.Be3 Bf8
16.Nb3 f5 17.exf5 gxf5 18.Bd3 Nf6 19.Bg5 Kf7 20.h3 e4 21.fxe4 Nxe4 22.Bh4 Bg7  1/2-1/2

[Event "75th Ann Karaganda City"]
[Site "Karaganda KAZ"]
[Date "2009.03.02"]
[Round "4"]
[White "Novoshitskiy,Y"]
[Black "Khusnutdinov,R"]
[Result "0-1"]
[WhiteElo "2350"]
[BlackElo "2483"]

1.d4 Nf6 2.Nf3 g6 3.c4 Bg7 4.Nc3 O-O 5.e4 d6 6.Be2 e5 7.Be3 Qe7 8.dxe5 dxe5
9.Nd5 Qd8 10.Bc5 Nxe4 11.Be7 Qd7 12.Bxf8 Kxf8 13.Qc2 Nc5 14.Rd1 Nc6 15.Nb6 axb6
16.Rxd7 Bxd7 17.a3 e4 18.Nd2 Nd4 19.Qb1 Re8 20.Kf1 e3 21.fxe3 Rxe3 22.Bf3 Bf5
23.Qd1 Bh6 24.h4 Bf4 25.b4 Nd3 26.Bxb7 Nb2 27.Qc1 Bd3+  0-1

[Event "25th Open"]
[Site "Cappelle la Grande FRA"]
[Date "2009.03.03"]
[Round "5"]
[White "Housieaux,D"]
[Black "Clarac,JM"]
[Result "1-0"]
[WhiteElo "2419"]
[BlackElo "2195"]

1.Nf3 Nf6 2.c4 g6 3.Nc3 Bg7 4.e4 d6 5.d4 O-O 6.Be2 e5 7.O-O Na6 8.Re1 c6
9.Bf1 exd4 10.Nxd4 Ng4 11.h3 Qb6 12.hxg4 Qxd4 13.g5 Nc5 14.Qc2 Ne6 15.Be3 Qe5
16.Rad1 f6 17.gxf6 Rxf6 18.Qd2 Nf4 19.Bd4 Qg5 20.Bxf6 Bxf6 21.g3 Be5 22.Ne2 Nxe2+
23.Bxe2 Qf6 24.f4 Bxb2 25.e5  1-0

[Event "25th Open"]
[Site "Cappelle la Grande FRA"]
[Date "2009.03.05"]
[Round "7"]
[White "Arutinian,D"]
[Black "Bijaoui,M"]
[Result "1/2-1/2"]
[WhiteElo "2586"]
[BlackElo "2404"]

1.d4 Nf6 2.c4 g6 3.Nc3 Bg7 4.e4 d6 5.Nf3 O-O 6.Be2 e5 7.O-O exd4 8.Nxd4 Re8
9.f3 Nc6 10.Be3 Nh5 11.Qd2 Nf4 12.Rfd1 Nxd4 13.Bxd4 Qg5 14.Bf1 Bxd4+ 15.Qxd4 Ne6
16.Qd3 f5 17.exf5 Nf4 18.Qd4 c5 19.Qd2 Re2 20.Nxe2 Nh3+ 21.Kh1 Nf2+ 22.Kg1 Nh3+  1/2-1/2

[Event "TCh-AUT 2nd Bundesliga West 2008-9"]
[Site "Austria AUT"]
[Date "2009.03.06"]
[Round "9"]
[White "Deglmann,L"]
[Black "Weindl,A"]
[Result "1/2-1/2"]
[WhiteElo "2342"]
[BlackElo "2354"]

1.d4 Nf6 2.Nf3 g6 3.c4 Bg7 4.Nc3 O-O 5.e4 d6 6.Be2 e5 7.O-O Nbd7 8.Be3 Ng4
9.Bg5 f6 10.Bc1 Nh6 11.dxe5 dxe5 12.h3 c6 13.Be3 Qe7 14.Qc2 Nf7 15.Rfd1 Bh6
16.Bxh6 Nxh6 17.Rab1 Nc5 18.b4 Ne6 19.c5 Nf4 20.Bc4+ Be6 21.Ne2 Nxe2+ 22.Qxe2 Nf7
23.Nd2 Rfd8 24.Nb3 Ng5 25.Na5 Kg7 26.h4 Bxc4  1/2-1/2

[Event "TCh-AUT 2nd Bundesliga West 2008-9"]
[Site "Austria AUT"]
[Date "2009.03.06"]
[Round "9"]
[White "Bromberger,S"]
[Black "Prusikin,M"]
[Result "1-0"]
[WhiteElo "2504"]
[BlackElo "2538"]

1.d4 Nf6 2.c4 g6 3.Nc3 Bg7 4.e4 d6 5.Nf3 O-O 6.Be2 e5 7.O-O Nbd7 8.Re1 c6
9.Bf1 a5 10.Be3 Ng4 11.Bg5 Qb6 12.h3 Nxf2 13.Kxf2 Qxb2+ 14.Bd2 Qb6 15.Rb1 Qc7
16.d5 f5 17.Kg1 Nf6 18.dxc6 bxc6 19.c5 d5 20.exd5 cxd5 21.Qb3 e4 22.Nxd5 Qxc5+
23.Be3 Qxd5 24.Bc4 Be6 25.Bxd5 Bxd5 26.Qa3 exf3 27.gxf3 Bxf3 28.Bc5 Bd5 29.Bxf8 Bxf8
30.Re7 Rd8 31.Rbe1 Be4 32.Qb3+ Kh8 33.Qf7  1-0

[Event "10th EICC w"]
[Site "St Petersburg RUS"]
[Date "2009.03.09"]
[Round "2"]
[White "Chasovnikova,E"]
[Black "Paehtz,E"]
[Result "1/2-1/2"]
[WhiteElo "2302"]
[BlackElo "2455"]

1.Nf3 Nf6 2.c4 g6 3.d4 Bg7 4.Nc3 d6 5.e4 O-O 6.Be2 e5 7.O-O Nbd7 8.Re1 Re8
9.d5 a5 10.Be3 Ng4 11.Bg5 f6 12.Bd2 Nh6 13.a3 Nf7 14.Qc2 Bh6 15.b4 Kg7 16.Na4 c5
17.dxc6 bxc6 18.Bxh6+ Nxh6 19.Red1 axb4 20.axb4 Qe7 21.c5 dxc5 22.bxc5 Nf8
23.Rd6 Qc7 24.Bc4 Be6 25.Rad1 Bxc4 26.Qxc4 Nf7 27.R6d3 Rad8 28.h4 Rxd3 29.Rxd3 Rd8
30.Rxd8 Qxd8 31.Nb2 Qd7 32.Nd3 Ne6 33.g3 Nfd8 34.Kg2 Nb7 35.Nd2 Nd4 36.f4 exf4
37.Nxf4 Nb5 38.Nf3 Qf7 39.Qe6 Qxe6 40.Nxe6+ Kf7 41.Nfd4 Nxc5 42.Nd8+ Ke8
43.N8xc6 Nxd4 44.Nxd4 Nxe4 45.Kf3 Nc5 46.Kf4 Ke7 47.Nc6+ Kd6 48.Nb4 Ne6+
49.Ke3 f5 50.Kf3 Ke5 51.Nc6+ Kf6 52.Ke3 Nc5 53.Kf4 h6 54.Kf3 Nd3 55.Ke3 Ne5
56.Nb4 g5 57.hxg5+ Kxg5 58.Nd5 Kg4 59.Kf2 Nd3+ 60.Kg2 Ne1+  1/2-1/2

[Event "FSGM March"]
[Site "Budapest HUN"]
[Date "2009.03.10"]
[Round "4"]
[White "Kjartansson,G"]
[Black "Balog,I1"]
[Result "1/2-1/2"]
[WhiteElo "2365"]
[BlackElo "2431"]

1.c4 Nf6 2.Nc3 g6 3.e4 d6 4.d4 Bg7 5.Nf3 O-O 6.Be2 e5 7.O-O Na6 8.Be3 Ng4
9.Bg5 Qe8 10.h3 h6 11.Bh4 Nf6 12.dxe5 dxe5 13.Qd2 Nh5 14.Nh2 Nf4 15.Bg4 c6
16.Qd6 f5 17.exf5 gxf5 18.Bf3 Qe6 19.Rad1 Ng6 20.Bd8 e4 21.Rfe1 Ne5 22.Be7 Re8
23.Bh5 Nxc4 24.Qxe6+ Bxe6 25.Bxe8 Rxe8 26.Rd8 Kf7 27.Rxe8 Kxe8 28.Bh4 Nxb2
29.Nd1 c5 30.Nxb2 Bxb2 31.Rb1 Be5 32.Rxb7 Nc7 33.Nf1 Kd7 34.Rxa7 c4 35.Ra5 Bc3
36.Ra4 f4 37.g3 Kc6 38.gxf4 Kb5 39.Ra7 Nd5 40.f5 Bxf5 41.Ne3 Nxe3 42.fxe3 Bd2
43.Kf2 c3 44.Ke2 Bxh3 45.Be1 Bg4+ 46.Kf2 Kc4 47.Ra4+ Kd3 48.Rd4+ Kc2 49.a4 Kd1
50.a5 Be2 51.Bxd2 cxd2 52.Rd6 Bd3 53.Rc6 Bc2 54.a6 Kc1 55.a7 d1=Q 56.a8=Q Qf3+
57.Kg1 Qxe3+ 58.Kh2 Qd2+ 59.Kh1 Qe1+ 60.Kg2 Qe2+ 61.Kg1 Qg4+ 62.Kh2 Qh4+
63.Kg2 Qg5+ 64.Kh2 Qe5+ 65.Kh3 e3 66.Qa3+ Kd1 67.Qd6+ Qxd6 68.Rxd6+ Kc1 69.Kg3 e2  1/2-1/2

[Event "10th EICC"]
[Site "Budva MNE"]
[Date "2009.03.10"]
[Round "5"]
[White "Huzman,A"]
[Black "Levin,Ev"]
[Result "1-0"]
[WhiteElo "2602"]
[BlackElo "2484"]

1.Nf3 Nf6 2.c4 g6 3.Nc3 Bg7 4.e4 d6 5.d4 O-O 6.Be2 e5 7.O-O Nbd7 8.Be3 Re8
9.d5 Nh5 10.g3 Bf8 11.Ne1 Ng7 12.Nd3 f5 13.f3 Be7 14.Qd2 Nf6 15.c5 fxe4 16.fxe4 Bh3
17.Rfe1 Ng4 18.Bxg4 Bxg4 19.c6 b6 20.b4 a6 21.Kg2 h5 22.h3 Bc8 23.a4 Rf8
24.Rf1 Rxf1 25.Rxf1 Ne8 26.Ne1 Nf6 27.Nf3 Nh7 28.Nd1 g5 29.Nf2 Bxh3+ 30.Nxh3 g4
31.Nfg1 gxh3+ 32.Nxh3 Nf6 33.Bg5 Kg7 34.Qf2 Qf8 35.Qf5 Rd8 36.Bc1 Nh7 37.Qxh5 Qe8
38.Bh6+ Kh8 39.Rf7 Nf6 40.Qg6  1-0

[Event "10th EICC w"]
[Site "St Petersburg RUS"]
[Date "2009.03.10"]
[Round "3"]
[White "Tarasova,Viktoriy"]
[Black "Balaian,Ali"]
[Result "0-1"]
[WhiteElo "2257"]
[BlackElo "2037"]

1.d4 Nf6 2.c4 g6 3.Nc3 Bg7 4.e4 d6 5.Nf3 O-O 6.Be2 e5 7.Be3 Ng4 8.Bg5 f6
9.Bc1 Nc6 10.d5 Nd4 11.Nxd4 exd4 12.Nb5 f5 13.O-O d3 14.Bxg4 fxg4 15.Qxd3 Be5
16.f4 gxf3 17.Rxf3 Rxf3 18.Qxf3 a6 19.Nc3 Qh4 20.g3 Qh3 21.Bf4 Bd4+ 22.Kh1 g5
23.Bxg5 Bg4 24.Qf1 Qh5 25.h4 Rf8 26.Qc1 Rf2 27.Be3 Qf7  0-1

[Event "10th EICC w"]
[Site "St Petersburg RUS"]
[Date "2009.03.10"]
[Round "3"]
[White "Molchanova,T"]
[Black "Arakhamia,K"]
[Result "0-1"]
[WhiteElo "2319"]
[BlackElo "2500"]

1.d4 Nf6 2.Nf3 g6 3.c4 Bg7 4.Nc3 O-O 5.e4 d6 6.Be2 Nbd7 7.O-O e5 8.Re1 Re8
9.Bf1 a5 10.Rb1 c6 11.dxe5 dxe5 12.a3 Qc7 13.b4 axb4 14.axb4 Nf8 15.Na4 Bg4
16.Nc5 Red8 17.Qe2 b6 18.Nd3 Ne6 19.Ndxe5 Nd4 20.Qb2 Bxf3 21.Nxf3 Nxe4 22.Nxd4 Bxd4
23.Rxe4 Bxb2 24.Bxb2 Re8 25.Rxe8+ Rxe8 26.Rd1 Qe7 27.Bc3 Qe4 28.Bf6 Qe6 29.Rd8 Rxd8
30.Bxd8 c5 31.bxc5 bxc5 32.Ba5 Qe5 33.Bd2 Kf8 34.g3 Ke7 35.Be3 Kd7 36.Be2 g5
37.Bf3 Kd6 38.Bd5 f6 39.Kg2 Qf5 40.h3 Qc2 41.g4 Qe2 42.Bf7 Qd1 43.Kh2 Qf1
44.Bd5 h6 45.Bf7 h5 46.Bd5 Qe2 47.Kg3 Qd1 48.Bg2 Qd3 49.Bd5 Qe2 50.Bf7 Qd1
51.Bxh5 Qg1+ 52.Kf3 Qf1 53.Kg3 Qxc4 54.h4 gxh4+ 55.Kxh4 Qe4 56.Kg3 c4 57.g5 c3
58.g6 Qxe3+ 59.fxe3 c2 60.g7 c1=Q 61.Kf4 Qf1+ 62.Bf3 Qc4+ 63.Kf5 Qf7  0-1

[Event "10th EICC"]
[Site "Budva MNE"]
[Date "2009.03.11"]
[Round "6"]
[White "Fressinet,L"]
[Black "Lopez Martinez,Josep"]
[Result "1-0"]
[WhiteElo "2666"]
[BlackElo "2540"]

1.d4 Nf6 2.Nf3 g6 3.c4 Bg7 4.Nc3 O-O 5.e4 d6 6.Be2 e5 7.Be3 c6 8.O-O Ng4
9.Bg5 f6 10.Bc1 Na6 11.h3 Nh6 12.c5 exd4 13.Bxa6 dxc5 14.Na4 Qe7 15.Be2 b5
16.Nxc5 Qxc5 17.Nxd4 f5 18.e5 Qb6 19.Nxc6 Bb7 20.Ne7+ Kh8 21.Be3 Qc7 22.Qd6 Qc2
23.Bd3 Qxb2 24.Rab1 Qxa2 25.Qd7 Rad8 26.Qxb7 Rxd3 27.Qxb5 Rdd8 28.Bxh6 Bxh6
29.Ra1 Qe6 30.Rxa7 f4 31.Qb7 Qf7 32.e6 Qg7 33.Nxg6+ Qxg6 34.e7 f3 35.Qxf3  1-0

[Event "10th EICC"]
[Site "Budva MNE"]
[Date "2009.03.12"]
[Round "7"]
[White "Ivanisevic,I"]
[Black "Nijboer,F"]
[Result "1/2-1/2"]
[WhiteElo "2628"]
[BlackElo "2560"]

1.d4 Nf6 2.c4 g6 3.Nc3 Bg7 4.e4 d6 5.Nf3 O-O 6.Be2 e5 7.Be3 Ng4 8.Bg5 f6
9.Bc1 exd4 10.Nxd4 f5 11.h3 Nh6 12.Bxh6 Bxh6 13.exf5 gxf5 14.O-O Na6 15.Nb3 c6
16.Qd3 Nc5 17.Qg3+ Bg7 18.Rad1 f4 19.Qf3 Nd7 20.Qh5 Ne5 21.Bg4 Bxg4 22.hxg4 Rf6
23.g5 Rg6 24.Ne4 Nxc4 25.Nd4 d5 26.Nf3 Nxb2 27.Nf6+ Bxf6 28.gxf6 Qxf6 29.Rb1 Qg7
30.Rfe1 Nd3 31.Re2 Rf8 32.Qh4 Rh6 33.Qe7 Qxe7 34.Rxe7 Nc5 35.Rc1 Re6 36.Rc7 Nd3
37.Rb1 Nc5 38.Rc1 Nd3 39.Rb1 b6 40.Nd4 Ref6 41.Nxc6 R8f7 42.Rc8+ Kg7 43.Rd1 Nc5
44.Rxd5 Ne6 45.Rd6 Nf8  1/2-1/2